| 000 | 00439nam a2200097Ia 4500 | ||
|---|---|---|---|
| 008 | 180130s9999 xx 000 0 und d | ||
| 245 |
_cYoo, Jaehyun; Kim, H. Jin _aTarget localization in wireless sensor networks using online semi-supervised support vector regression |
||
| 260 | _c2016 | ||
| 300 | _aBook title: Wireless sensor networks : from theory to applications--Acession number C20745; pages 88-108 | ||
| 650 | _aWIRELESS SENSOR NETWORKS | ||
| 999 |
_c353998 _d353998 |
||